Southville International School and Colleges
Your cart is empty.
  • Cart
  • Lists
    Public lists Eva Luna New books Lux_list list_1
    Your lists Log in to create your own lists
  • Log in to your account
  • Your cookies
  • Search history
Southville International School and Colleges
  • Advanced search
  • Recent comments
  • Most popular
  • Libraries

Log in to your account

Log in with GOOGLE


If you do not have an external account, but do have a local account, you can still log in:

  1. Home
  2. MARC view: A midsummer night's dream.
Normal view MARC view ISBD view

A midsummer night's dream. (Record no. 1774)

[ view plain ]
MARC details
000 -LEADER
fixed length control field 00579nam a22002177a 4500
003 - CONTROL NUMBER IDENTIFIER
control field SISC
005 - DATE AND TIME OF LATEST TRANSACTION
control field 20160304134130.0
008 - FIXED-LENGTH DATA ELEMENTS--GENERAL INFORMATION
fixed length control field 130118t xxu||||| |||| 00| 0 eng d
020 ## - INTERNATIONAL STANDARD BOOK NUMBER
International Standard Book Number 0671722794
050 ## - LIBRARY OF CONGRESS CALL NUMBER
Classification number PR 2827
Item number .Sh527 1993
082 ## - DEWEY DECIMAL CLASSIFICATION NUMBER
Classification number PR2827.A2 .
100 ## - MAIN ENTRY--PERSONAL NAME
Personal name William Shakespeare.
9 (RLIN) 7851
245 ## - TITLE STATEMENT
Title A midsummer night's dream.
Statement of responsibility, etc Shakespeare, William, 1564-1616.
260 ## - PUBLICATION, DISTRIBUTION, ETC. (IMPRINT)
Place of publication, distribution, etc New York :
Name of publisher, distributor, etc Washington Square Press,
Date of publication, distribution, etc 1993.
300 ## - PHYSICAL DESCRIPTION
Extent lii, 204 p. ;
Dimensions 18 cm.
521 ## - TARGET AUDIENCE NOTE
Target audience note Grade 7
526 ## - STUDY PROGRAM INFORMATION NOTE
Reading level 880L-960L
562 ## - COPY AND VERSION IDENTIFICATION NOTE
Number of copies 1
942 ## - ADDED ENTRY ELEMENTS (KOHA)
Source of classification or shelving scheme Library of Congress Classification
Koha item type Books
Holdings
Withdrawn status Lost status Source of classification or shelving scheme Damaged status Home library Current library Shelving location Date acquired Total Checkouts Total Renewals Full call number Barcode Date last seen Date checked out Copy number Price effective from Koha item type
    Library of Congress Classification   Luxembourg Library Luxembourg Library High School Section 01/18/2013 5 18 PR 2827 .Sh527 1993 10568 11/22/2018 08/28/2018 1 01/18/2013 Books

A midsummer night's dream.

APA

William Shakespeare, . (1993). A midsummer night's dream. New York: Washington Square Press.

Chicago

William Shakespeare, . 1993. A midsummer night's dream. New York: Washington Square Press.

Harvard

William Shakespeare, . (1993). A midsummer night's dream. New York: Washington Square Press.

MLA

William Shakespeare, . A midsummer night's dream. New York: Washington Square Press. 1993.

  • Place hold
  • Print
  • Cite
  • Add to your cart (remove)
  • Save record
    BIBTEX Dublin Core MARCXML MARC (non-Unicode/MARC-8) MARC (Unicode/UTF-8) MARC (Unicode/UTF-8, Standard) MODS (XML) RIS
  • More searches
    Search for this title in:
    Other Libraries (WorldCat) Other Databases (Google Scholar) Online Stores (Bookfinder.com) Open Library (openlibrary.org)

Exporting to Dublin Core...

SOUTHVILLE LIBRARY

Southville International School and Colleges Library

1281 Tropical Ave. Cor. Luxembourg St., BF Homes International, Las Pinas City

Tel. No. 8256374 / 252358 Loc. 117/146

Powered by Koha